UM Logo

On call cardiology/ (Record no. 4783)

MARC details
000 -LEADER
fixed length control field 00601nam a2200193 4500
008 - FIXED-LENGTH DATA ELEMENTS--GENERAL INFORMATION
fixed length control field 160923b xxu||||| |||| 00| 0 eng d
020 ## - INTERNATIONAL STANDARD BOOK NUMBER
International Standard Book Number 0721692222
082 ## - DEWEY DECIMAL CLASSIFICATION NUMBER
Edition number 2001
Classification number DC 616.1
Item number K52c
100 ## - MAIN ENTRY--PERSONAL NAME
9 (RLIN) 15147
Personal name Khan, M. Gabriel
245 ## - TITLE STATEMENT
Title On call cardiology/
Statement of responsibility, etc. M Gabriel Khan.
250 ## - EDITION STATEMENT
Edition statement 2nd edition
260 ## - PUBLICATION, DISTRIBUTION, ETC. (IMPRINT)
Place of publication, distribution, etc. Philadelphia:
Name of publisher, distributor, etc. W.B. Saunders Company,
Date of publication, distribution, etc. C2001.
300 ## - PHYSICAL DESCRIPTION
Extent xvi, 486 pages:
Other physical details illustrations;
Dimensions 20 cm.
500 ## - GENERAL NOTE
General note Includes appendices and index.<br/>
650 #0 - SUBJECT ADDED ENTRY--TOPICAL TERM
9 (RLIN) 15148
Topical term or geographic name as entry element Cardiovascular system
General subdivision Diseases
650 #0 - SUBJECT ADDED ENTRY--TOPICAL TERM
9 (RLIN) 15149
Topical term or geographic name as entry element Cardiology
365 ## - TRADE PRICE
Price amount 2500.00
Currency code Php
942 ## - ADDED ENTRY ELEMENTS (KOHA)
Source of classification or shelving scheme Dewey Decimal Classification
Koha item type Circulation
Holdings
Withdrawn status Lost status Source of classification or shelving scheme Damaged status Not for loan Collection code Home library Current library Date acquired Source of acquisition Total Checkouts Full call number Barcode Date last seen Price effective from Koha item type
    Dewey Decimal Classification     Circulation UM Digos College - LIC UM Digos College - LIC 09/15/2004 Purchased   DC 616.1 K52c 2001 17847 05/15/2025 09/23/2016 Circulation